Biblioteca ESET

Cartas de amor perdidas por Mariquita Sánchez de Thompson : | y otras obras teatrales / (Registro nro. 337)

Detalles MARC
000 -CABECERA
fixed length control field 01540nam a2200349 a 4500
003 - CONTROL NUMBER IDENTIFIER
control field AR-BeUNQ
005 - FECHA Y HORA DE LA ULTIMA TRANSACCION
control field 20230922182815.0
007 - CAMPO FIJO DE DESCRIPCION FIJA - INFORMACION GENERAL
fixed length control field ta
008 - ELEMENTOS DE LONGITUD FIJA-INFORMACION GENERAL
fixed length control field 230713s2021 ag gr 001 d spa d
020 ## - NUMERO INTERNACIONAL NORMALIZADO PARA LIBROS
Número Internacional Normalizado del libro 9789871458622
040 ## - FUENTE DE CATALOGACION
Agencia de catalogación original AR-BaBN
Idioma de catalogación ESPAÑOL
Agencia que realiza la transcripción AR-BaBN
Agencia que realiza la modificación AR-BeUNQ
Convenciones de la descripción aacr
082 04 - NUMERO DE CLASIFICACION DECIMAL DEWEYMBER
Número de la edición 21
Número de clasificación Ar 862
100 1# - ASIENTO PRINCIPAL-NOMBRE PERSONAL
Nombre personal Tursi, Adriana,
Fecha asociada al nombre 1961-
Término relacionador aut.
245 10 - MENCION DE TITULO
Título Cartas de amor perdidas por Mariquita Sánchez de Thompson :
Otra información sobre el título y otras obras teatrales /
Mención de responsabilidad, etc Adriana Tursi.
250 ## - MENCION DE EDICION
Mención de edición 1a ed. especial
260 ## - PUBLICACION, DISTRIBUCION, ETC.
Lugar de publicación, distribución, etc. Ciudad Autónoma de Buenos Aires :
Nombre del editor, distribuidor, etc. Proyecto Larsen,
Fecha de publicación, distribución, etc 2021.
300 ## - DESCRIPCION FISICA
Extensión 126 p. ;
Dimensiones 20 cm.
490 1# - MENCION DE SERIE
Mención de serie Teatro Contemporáneo (Proyecto Larsen) ;
Designación numérica/secuencial del volumen 2
500 ## - NOTA GENERAL
Nota general Colección literaria para el nivel secundario del Plan Nacional de Lectura del Ministerio de Educación de la Nación.
500 ## - NOTA GENERAL
Nota general Prólogo de Pacho O'Donnell.
505 0# - NOTA DE CONTENIDO
Nota de contenido con formato preestablecido Prólogo -- Cartas de amor perdidas por Mariquita Sánchez de Thompson -- Felicitas o las niñas mudas -- Aurelia... la amante auente -- Extraña fuga de la anciana y su criada -- Mariquita, Aurelia y Felicitas.
650 #7 - ASIENTO SECUNDARIO DE MATERIA - TERMINO TEMATICO
Término temático o nombre geográfico como elemento de entrada Literatura argentina
Fuente del encabezamiento o términ tell
650 #7 - ASIENTO SECUNDARIO DE MATERIA - TERMINO TEMATICO
Término temático o nombre geográfico como elemento de entrada Teatro
Fuente del encabezamiento o términ tell
651 #7 - ASIENTO SECUNDARIO DE MATERIA - NOMBRE GEOGRAFICO
Nombre geográfico Argentina
Fuente del encabezamiento o término spines
700 1# - ASIENTO SECUNDARIO - NOMBRE DE PERSONA
Personal name O'Donnell, Pacho,
Dates associated with a name 1941-
Relator term pról.
740 02 - ASIENTO SECUNDARIO – TITULOS RELACIONADOS/ANALITICOS NO CONTROLADOS
Título relacionado o analítico no controlado Felicitas o las niñas mudas
740 02 - ASIENTO SECUNDARIO – TITULOS RELACIONADOS/ANALITICOS NO CONTROLADOS
Título relacionado o analítico no controlado Aurelia... la amante ausente
740 02 - ASIENTO SECUNDARIO – TITULOS RELACIONADOS/ANALITICOS NO CONTROLADOS
Título relacionado o analítico no controlado Extraña fuga de la anciana y su criada
830 #0 - ASIENTO SECUNDARIO DE SERIE--TITULO UNIFORME
Título uniforme Teatro Contemporáneo (Proyecto Larsen)
Designación numérica/secuencial del volumen 2
929 ## - DATOS DE ADQUISICION
Procedencia DONACION
Proveedor Ministerio de Educación de la Nación
Precio 300,00
Fecha de recibido 20230629
Patrimonio UNQ PAT0080256
Es copia 2
Número de inventario 61275
942 08 - ELEMENTOS DE PUNTO DE ACCESO ADICIONAL (KOHA)
Tipo de ítem Koha Libros
Existencias
Estado de retiro Estado de pérdida Ubicación permanente Ubicación actual Ubicación en estantería Fecha de ingreso Total Checkouts Signatura topográfica completa Inventario Date last seen Tipo de ítem Koha Número de copia Operador
    Biblioteca ESET - UNQ Biblioteca ESET - UNQ CIRCULACION 07/10/2021   A 862 / TUR 58846 22/08/2022 Libros    
    Biblioteca ESET - UNQ Biblioteca ESET - UNQ CIRCULACION 13/07/2023   Ar 862 TUR 61275 22/09/2023 Libros 2 GS

ESET UNQ

☏ 4365-7188
 Avenida República de Francia 1714 entre Doctor Kenny y Concordia, Ezpeleta, Bs As.
✉ secretaria_eset@unq.edu.ar

Con tecnología Koha